000 00963cam a2200229 i 4500
005 20251214095802.0
008 250721s2012 jo gr 000 0 ara d
082 1 4 _a216.53
_bم و م
100 1 _aالمومني، هشام عوض
_eمؤلف.
245 1 2 _aالإيواء الأسري في الشريعة الإسلامية والقانون :
_bدراسة فقهية ، قانونية ، تطبيقية /
_cالدكتور هشام عوض المومني.
250 _aالطبعة الأولى.
264 3 1 _aعمان :
_bدار الفرقان للنشر والتوزيع،
_c2012.
264 3 1 _aعمان :
_bدار العدوي للنشر والتوزيع،
_c2012.
300 _a440 صفحة.
650 1 7 _aالأسرة.
650 1 7 _aالحقوق الأسرية.
650 1 7 _aقانون الأسرة.
650 1 7 _aالفقه الإسلامي.
650 1 7 _aاللقيط.
942 _2ddc
_cBK
999 _c125466
_d125466